000 nam a22 7a 4500
999 _c7972
_d7972
008 171120b xxu||||| |||| 00| 0 eng d
020 _a9780316535885
100 _aMorton, Laura
_94429
245 _aJoan Lunden`s Healthy Cooking
260 _aLondon
_bLittle Brown and company
_c1996